Minda Melayu

Bibliographic Details
Corporate Author: Title
Other Authors: Anwar Ridhwan
Format: Book
Published: Kuala Lumpur : Dewan Bahasa dan Pustaka , 2005
Subjects:

MARC

LEADER 00000cam a2200000 7i4500
001 0000012761
005 20080102.0
008 080102
020 |a 9836285229 
090 0 0 |a 305.89923   |b MIN 
245 1 0 |a Minda Melayu   |c penyelenggara Anwar Ridhwan 
260 |a Kuala Lumpur :   |b Dewan Bahasa dan Pustaka ,   |c 2005 
650 0 |a Malay-History 
650 0 |a Malays   |x Economics conditions 
650 0 |a Malays   |x Social conditions 
650 0 |a Malay   |x Manners and customs 
700 0 |a Anwar Ridhwan 
710 0 |a Title 
999 |a 0001010736   |b Book   |c Adult Collection   |e Perbadanan Perpustakaan Awam Johor 
999 |a 0001010737   |b Book   |c Adult Collection   |e Perbadanan Perpustakaan Awam Johor 
999 |a 0001010738   |b Book   |c Adult Collection   |e Perbadanan Perpustakaan Awam Johor